000
00209nam a2200097Ia 4500
008
240331s9999 xx 000 0 und d
082
_b
MAR
100
_a
Marga
245
0
_a
Marga :
_b
quarterly journal
942
_c
L
999
_c
5502
_d
5502